000 00196 a2200097 4500
020 _a9781848357969
041 _aspa
100 _aArcher, Mandy
245 _aAutos de Carreras en Accion
942 _cBK
999 _c8817
_d8817